Neurodiversity in the Workplace : Interests, Issues, and Opportunities.

Bibliographic Details
Main Author: Bruyère, Susanne M.
Other Authors: Colella, Adrienne.
Format: eBook
Language:English
Published: Milton : Taylor & Francis Group, 2022.
Edition:1st ed.
Series:SIOP Organizational Frontiers Series
Subjects:
Online Access:Click to View
LEADER 02713nam a22003973i 4500
001 EBC6995723
003 MiAaPQ
005 20231204023224.0
006 m o d |
007 cr cnu||||||||
008 231204s2022 xx o ||||0 eng d
020 |a 9781000604283  |q (electronic bk.) 
020 |z 9780367902988 
035 |a (MiAaPQ)EBC6995723 
035 |a (Au-PeEL)EBL6995723 
035 |a (OCoLC)1321794739 
040 |a MiAaPQ  |b eng  |e rda  |e pn  |c MiAaPQ  |d MiAaPQ 
100 1 |a Bruyère, Susanne M. 
245 1 0 |a Neurodiversity in the Workplace :  |b Interests, Issues, and Opportunities. 
250 |a 1st ed. 
264 1 |a Milton :  |b Taylor & Francis Group,  |c 2022. 
264 4 |c {copy}2023. 
300 |a 1 online resource (347 pages) 
336 |a text  |b txt  |2 rdacontent 
337 |a computer  |b c  |2 rdamedia 
338 |a online resource  |b cr  |2 rdacarrier 
490 1 |a SIOP Organizational Frontiers Series 
505 0 |a Cover -- Half Title -- Series -- Title -- Copyright -- Table of Contents -- Series Foreword -- 1 Neurodiversity in the Workplace: An Overview of Interests, Issues and Opportunities -- 2 Shaping Organizational Climates to Develop and Leverage Workforce Neurodiversity -- 3 Recruitment Strategies: Generating a Neurodiverse Workforce -- 4 Neurodiverse Applicant Screening, Interviewing, and Selection -- 5 Neurodiversity and the Disclosure Dilemma -- 6 Do Traditional Leadership Theories Work in a Neurodiverse Context? -- 7 The Role of Colleagues in Work Experiences of Employees with Autism -- 8 Workplace Accommodation Considerations for a Neurodiverse Workforce -- 9 Performance Management and Career Development for Employees with Autism: Uncovering Hidden Requirements -- 10 Supporting the Mental Health and Well-Being of Autistic and Other Neurodivergent Employees in the Work Environment -- 11 Adapting Other Internal Organizational Resources to a Neurodiverse Workforce -- 12 Autism Hiring Programs and Interface with the Legal and Regulatory Environment -- 13 Implications and Needed Next Steps -- Index. 
588 |a Description based on publisher supplied metadata and other sources. 
590 |a Electronic reproduction. Ann Arbor, Michigan : ProQuest Ebook Central, 2023. Available via World Wide Web. Access may be limited to ProQuest Ebook Central affiliated libraries.  
655 4 |a Electronic books. 
700 1 |a Colella, Adrienne. 
776 0 8 |i Print version:  |a Bruyère, Susanne M.  |t Neurodiversity in the Workplace  |d Milton : Taylor & Francis Group,c2022  |z 9780367902988 
797 2 |a ProQuest (Firm) 
830 0 |a SIOP Organizational Frontiers Series 
856 4 0 |u https://ebookcentral.proquest.com/lib/matrademy/detail.action?docID=6995723  |z Click to View